A könyvvizsgálat jelentősége, középpontban a KKV szektor és a tervezési munkaszakasz

Bibliográfiai részletek
Szerző: Orlovits Blanka
További közreműködők: Korom Dr. Erik
Dokumentumtípus: Diplomadolgozat
Kulcsszavak:Könyvvizsgálat
KKV szektor
Tervezési munkaszakasz
Online Access:http://dolgozattar.uni-bge.hu/22052

MARC

LEADER 00000nta a2200000 i 4500
001 dolg22052
005 20190516112334.0
008 190516suuuu hu om 000 hun d
040 |a BGE Dolgozattár Repozitórium  |b hun 
041 |a hu 
100 1 |a Orlovits Blanka 
245 1 2 |a A könyvvizsgálat jelentősége, középpontban a KKV szektor és a tervezési munkaszakasz  |c Orlovits Blanka  |h [elektronikus dokumentum] 
695 |a Könyvvizsgálat 
695 |a KKV szektor 
695 |a Tervezési munkaszakasz 
700 1 |a Korom Dr. Erik  |e ths 
856 4 0 |u http://dolgozattar.uni-bge.hu/22052/1/Szakdolgozat_Orlovits_Blanka_C6XU79_Sz%C3%A1mvitel_Mesterszak.pdf  |z Dokumentum-elérés